000 00533nam a2200145Ia 4500
008 140724s9999 xx 000 0 und d
050 _aR 864
_b.B517 2012
100 _aBernabe, Alyhsza Layne C.
245 _aElectronic health record of Southville International School and Colleges clinic /
_cAlyhsza Layne C. Bernabe.
260 _aLas PiƱas, Philippines :
_bSouthville International School and Colleges,
_cc2012.
300 _a51 p. :
_bcol. Ill. ;
_c28 cm.
521 _aInformation Technology
942 _cTH
999 _c228817
_d228817